| 000 | 00923cam a2200301 i 4500 | ||
|---|---|---|---|
| 001 | 4676889 | ||
| 003 | BD-DhUL | ||
| 005 | 20160525140740.0 | ||
| 008 | 800814s1980 enka b 001 0 eng | ||
| 010 | _a 80670162 | ||
| 015 | _aGB*** | ||
| 020 |
_a090576238X : _c£12.95 ($18.95 U.S.) |
||
| 020 |
_z0905762265 (pbk.) : _c£3.95 ($7.95 U.S.) |
||
| 040 |
_aDLC _cDLC _dDLC _dBD-DhUL |
||
| 050 | 0 | 0 |
_aHD9560.6 _b.O34 |
| 082 | 0 | 0 |
_a338.2728 _219 _bNOO |
| 245 | 0 | 0 |
_aOil and class struggle / _cedited by Petter Nore and Terisa Turner. |
| 260 |
_aLondon : _bZed, _c1980. |
||
| 300 |
_a307 p. : _bill. ; _c22 cm. |
||
| 365 |
_aBDT _b947.50 |
||
| 490 | 0 | _aZed imperialism series. | |
| 504 | _aIncludes bibliographical references and index. | ||
| 650 | 0 | _aPetroleum industry and trade. | |
| 700 | 1 | _aNore, Petter. | |
| 700 | 1 | _aTurner, Terisa. | |
| 906 |
_a7 _bcbc _corignew _d2 _encip _f19 _gy-gencatlg |
||
| 942 |
_2ddc _cBK |
||
| 999 |
_c69797 _d69797 |
||